000 00500nam a22001817a 4500
999 _c3138
_d3095
008 180208b xxu||||| |||| 00| | tur d
020 _a9789750711299
041 _atur
050 _aPL248.D813
100 _9969
_aDuman, Faruk
245 _aİncir Tarihi Zeyrek Efendinin Maceralarını Anlatır
250 _a2. Baskı
260 _aİstanbul:
_bCan Yayınları,
_cŞubat 2010
300 _a365 Sayfa
500 _aCan Yayınları: 1860
650 0 _9145
_aTürk Edebiyatı
942 _2lcc
_cBK